[Event "Mundial Juvenil 2005 s12"]
[Site "Belfort FRA"]
[Date "2005.07.30"]
[Round "11.9"]
[White "Mohammad, Saeed Ishaq"]
[Black "Mihok, Oliver"]
[Result "1-0"]
[WhiteElo "2120"]
[BlackElo "2157"]
[PlyCount "83"]
[EventDate "2005.07.19"]
[EventType "swiss"]
[EventRounds "11"]
[EventCountry "FRA"]
[Source "lmi"]
[SourceDate "2005.07.31"]

1. d4 Nf6 2. Bg5 c5 3. e3 Qb6 4. b3 Ne4 5. Bf4 cxd4 6. Qxd4 Qxd4 7. exd4 Nc6 8.
Bd3 d5 9. Bxe4 dxe4 10. c3 g6 11. Nd2 f5 12. d5 Nd8 13. Be5 Rg8 14. Ne2 Nf7 15.
Bd4 Bh6 16. c4 e5 17. Bb2 e3 18. fxe3 Bxe3 19. Nf3 e4 20. Nfd4 Ne5 21. Kd1 Nd3
22. Kc2 Nxb2 23. Kxb2 Bd7 24. b4 Bg5 25. c5 Rc8 26. Rhf1 Bf6 27. Kb3 Be5 28.
Rac1 Ke7 29. b5 Be8 30. Kc4 b6 31. c6 Bf7 32. Rcd1 Kd6 33. Nc2 a6 34. a4 a5 35.
g4 Rc7 36. gxf5 gxf5 37. Ne3 Bg6 38. Kb3 Ke7 39. Nc4 Bd6 40. Nxb6 Bh5 41. Rde1
Rg4 42. Nc4 1-0

[Event "Mundial Juvenil 2005 s12"]
[Site "Belfort FRA"]
[Date "2005.07.30"]
[Round "11.10"]
[White "Ospanov, Nazar"]
[Black "Chan, Yi-Ren Daniel"]
[Result "0-1"]
[WhiteElo "1599"]
[BlackElo "1988"]
[PlyCount "63"]
[EventDate "2005.07.19"]
[EventType "swiss"]
[EventRounds "11"]
[EventCountry "FRA"]
[Source "lmi"]
[SourceDate "2005.07.31"]

1. e4 e5 2. Nf3 Nc6 3. Bb5 Nge7 4. d4 exd4 5. Nxd4 g6 6. c3 Bg7 7. O-O O-O 8.
Bg5 h6 9. Bh4 g5 10. Bg3 Re8 11. Nf5 Nxf5 12. exf5 d6 13. Bd3 Ne5 14. f4 Nxd3
15. Qxd3 g4 16. Nd2 Qf6 17. Rae1 Bd7 18. Qc4 Bc6 19. Qd3 a6 20. Bf2 Bd7 21. Qd5
Bxf5 22. Qxb7 Bd3 23. Qxc7 Bxf1 24. Rxf1 Qxf4 25. Nb3 Rac8 26. Qa7 Re2 27. Nd4
Rxf2 28. Nc6 Rf8 29. Ne7+ Kh7 30. Qxa6 Rd8 31. Qb6 Qe4 32. Rxf2 0-1

[Event "Mundial Juvenil 2005 s14"]
[Site "Belfort FRA"]
[Date "2005.07.19"]
[Round "1.2"]
[White "Cordova, Emilio"]
[Black "Hazegawa, Fernando Henrique"]
[Result "1-0"]
[WhiteElo "2422"]
[BlackElo "1963"]
[PlyCount "106"]
[EventDate "2005.07.19"]
[EventType "swiss"]
[EventRounds "11"]
[EventCountry "FRA"]
[Source "lmi"]
[SourceDate "2005.07.31"]

1. d4 Nf6 2. Bg5 g6 3. Bxf6 exf6 4. e3 f5 5. g3 Bg7 6. Bg2 O-O 7. Ne2 d5 8. Nd2
c6 9. O-O Be6 10. Nf4 Na6 11. c4 Nc7 12. b4 Qd7 13. Qc2 Rac8 14. a4 Rfd8 15.
Nd3 Bf8 16. Rfb1 Bd6 17. c5 Be7 18. Bf1 a6 19. Rb3 Bf6 20. Nb1 Qe8 21. Nc3 Ra8
22. Rab1 Bd7 23. Nf4 Rdb8 24. b5 axb5 25. axb5 Bg5 26. Nd3 Ne6 27. Qb2 Ra7 28.
bxc6 Bxc6 29. Ne5 Bd8 30. Nxc6 Qxc6 31. Bb5 Qc8 32. Nxd5 Rba8 33. Bc4 Ra2 34.
Qc1 R2a7 35. Nb6 Bxb6 36. Rxb6 Nd8 37. h4 Ra5 38. Qd1 R8a7 39. h5 Kg7 40. Kg2
Qd7 41. Qf3 Ra1 42. Rxa1 Rxa1 43. Qf4 Qe7 44. h6+ Kg8 45. Bd5 Ra8 46. Qh4 Qxh4
47. gxh4 Ra7 48. Rd6 Ra8 49. Rxd8+ Rxd8 50. Bxb7 Rd7 51. c6 Rc7 52. d5 Kf8 53.
d6 Ke8 1-0

[Event "Mundial Juvenil 2005 s14"]
[Site "Belfort FRA"]
[Date "2005.07.19"]
[Round "1.2"]
[White "Shyam, Nikil P"]
[Black "Wei, Chenpeng"]
[Result "0-1"]
[WhiteElo "1962"]
[BlackElo "2406"]
[PlyCount "87"]
[EventDate "2005.07.19"]
[EventType "swiss"]
[EventRounds "11"]
[EventCountry "FRA"]
[Source "lmi"]
[SourceDate "2005.07.31"]

1. e4 c5 2. f4 d6 3. Nf3 g6 4. c3 Nf6 5. d3 Bg7 6. Be3 O-O 7. Be2 c4 8. h3 Nh5
9. O-O Ng3 10. Re1 Nxe2+ 11. Rxe2 cxd3 12. Qxd3 Qc7 13. Na3 a6 14. f5 Nd7 15.
Bd4 Nf6 16. g4 e5 17. Bf2 gxf5 18. gxf5 d5 19. Nd2 dxe4 20. Nxe4 Nxe4 21. Qxe4
Qd7 22. Bc5 Qxf5 23. Bxf8 Kxf8 24. Qxf5 Bxf5 25. Re3 Rd8 26. Nc4 e4 27. Rae1 b5
28. Na5 Bh6 29. Rxe4 Bxe4 30. Rxe4 Rd2 31. c4 Rxb2 32. c5 Bg5 33. Nb7 Rxa2 34.
Kf1 Rd2 35. Ke1 Rd7 36. c6 Rc7 37. Na5 Be7 38. Kd2 Bc5 39. Rh4 Kg7 40. Rg4+ Kf6
41. Rf4+ Ke5 42. Rh4 f5 43. Rh6 Bf8 44. Rh5 0-1

[Event "Mundial Juvenil 2005 s14"]
[Site "Belfort FRA"]
[Date "2005.07.19"]
[Round "1.3"]
[White "Matlakov, Maxim"]
[Black "Silva, Miguel Alexandre Go"]
[Result "1-0"]
[WhiteElo "2399"]
[BlackElo "1958"]
[PlyCount "53"]
[EventDate "2005.07.19"]
[EventType "swiss"]
[EventRounds "11"]
[EventCountry "FRA"]
[Source "lmi"]
[SourceDate "2005.07.31"]

1. c4 e5 2. Nc3 Nc6 3. Nf3 g6 4. d4 exd4 5. Nxd4 Bg7 6. Nxc6 bxc6 7. g3 Ne7 8.
Bg2 O-O 9. O-O Re8 10. Qc2 d6 11. b3 Be6 12. Bb2 Qd7 13. Rfd1 a5 14. Qd2 Red8
15. Ne4 Qc8 16. Bxg7 Kxg7 17. Qc3+ Kg8 18. Nf6+ Kf8 19. Nxh7+ Kg8 20. Nf6+ Kf8
21. Rd4 Nf5 22. Rf4 Qa6 23. e4 g5 24. Rxf5 Bxf5 25. exf5 Rab8 26. Re1 Qb6 27.
Nh5 1-0

[Event "Mundial Juvenil 2005 s14"]
[Site "Belfort FRA"]
[Date "2005.07.19"]
[Round "1.4"]
[White "Anakidze, Gia"]
[Black "Pap, Gyula"]
[Result "0-1"]
[WhiteElo "1954"]
[BlackElo "2384"]
[PlyCount "110"]
[EventDate "2005.07.19"]
[EventType "swiss"]
[EventRounds "11"]
[EventCountry "FRA"]
[Source "lmi"]
[SourceDate "2005.07.31"]

1. e4 e6 2. d4 d5 3. exd5 exd5 4. Nf3 Nc6 5. Bb5 Bd6 6. c4 dxc4 7. d5 a6 8. Ba4
b5 9. dxc6 bxa4 10. O-O Ne7 11. Qxa4 Be6 12. Ng5 Bd5 13. Nc3 Bxc6 14. Qxc4 O-O
15. Qh4 h6 16. Nge4 Be5 17. Bf4 Ng6 18. Qxd8 Rfxd8 19. Bxe5 Nxe5 20. Rfd1 Nd3
21. Rd2 f5 22. Ng3 Nf4 23. Rxd8+ Rxd8 24. Rd1 Rxd1+ 25. Nxd1 Bxg2 26. Nxf5 Bh3
27. Ng3 Bg4 28. Ne3 Bf3 29. Ngf5 c5 30. Nd6 g5 31. Ndc4 Nd3 32. Kf1 Kf7 33. Nc2
Ke6 34. Ne1 Nxe1 35. Kxe1 Bd5 36. Ne3 Bxa2 37. Kd2 Ke5 38. Ng2 Bd5 39. Ne3 Be6
40. Ng2 Ke4 41. Ne1 Bc4 42. Kc3 Bb5 43. Kd2 Kf4 44. Nc2 Kf3 45. Ke1 h5 46. Ne3
h4 47. Nd5 h3 48. Nf6 Bc4 49. Nh7 Kg2 50. Nxg5 Kxh2 51. Nf3+ Kh1 52. Nh4 h2 53.
f4 Kg1 54. Nf3+ Kg2 55. Nxh2 Kxh2 0-1

[Event "Mundial Juvenil 2005 s14"]
[Site "Belfort FRA"]
[Date "2005.07.19"]
[Round "1.5"]
[White "Bogner, Sebastian"]
[Black "Lupascu, Dorin"]
[Result "1-0"]
[WhiteElo "2361"]
[BlackElo "1953"]
[PlyCount "55"]
[EventDate "2005.07.19"]
[EventType "swiss"]
[EventRounds "11"]
[EventCountry "FRA"]
[Source "lmi"]
[SourceDate "2005.07.31"]

1. e4 e6 2. d4 d5 3. Nc3 Bb4 4. e5 c5 5. a3 Bxc3+ 6. bxc3 Ne7 7. h4 Nbc6 8. h5
h6 9. Nf3 Qc7 10. Rb1 cxd4 11. cxd4 Nf5 12. g4 Nfe7 13. Bd3 Bd7 14. Bd2 f6 15.
exf6 gxf6 16. c3 O-O-O 17. Nh4 e5 18. Be3 e4 19. Be2 f5 20. gxf5 Bxf5 21. Nxf5
Nxf5 22. Qa4 Rd7 23. Rb5 a6 24. Rc5 Qb6 25. Qc2 Kb8 26. Kd2 Ka7 27. Rb1 Qc7 28.
Qa4 1-0

[Event "Mundial Juvenil 2005 s14"]
[Site "Belfort FRA"]
[Date "2005.07.19"]
[Round "1.6"]
[White "Borel, Yannick"]
[Black "Chirila, Ioan Cristian"]
[Result "1-0"]
[WhiteElo "1951"]
[BlackElo "2350"]
[PlyCount "85"]
[EventDate "2005.07.19"]
[EventType "swiss"]
[EventRounds "11"]
[EventCountry "FRA"]
[Source "lmi"]
[SourceDate "2005.07.31"]

1. e4 c5 2. Nc3 e6 3. g3 d5 4. Bg2 Nf6 5. d3 Be7 6. f4 Nc6 7. Nf3 O-O 8. O-O
Rb8 9. Ne5 Nd4 10. g4 dxe4 11. dxe4 Nd7 12. Nf3 Nxf3+ 13. Qxf3 b5 14. Ne2 Bb7
15. Ng3 c4 16. Be3 Bc5 17. Rfd1 Qe7 18. c3 Bxe3+ 19. Qxe3 Nc5 20. Bf1 g6 21. b3
cxb3 22. axb3 a6 23. c4 b4 24. Bg2 Qc7 25. Ne2 Rfd8 26. e5 Bxg2 27. Kxg2 Qb6
28. f5 exf5 29. gxf5 Qc6+ 30. Kg1 a5 31. Nf4 Rxd1+ 32. Rxd1 Ne4 33. Nd5 Qc5 34.
Rd4 Nc3 35. Nf6+ Kg7 36. Nh5+ gxh5 37. Rg4+ hxg4 38. Qxc5 a4 39. e6 axb3 40.
Qe5+ f6 41. Qc7+ Kh6 42. Qxb8 b2 43. Qxb4 1-0

[Event "Mundial Juvenil 2005 s14"]
[Site "Belfort FRA"]
[Date "2005.07.19"]
[Round "1.7"]
[White "Salgado Lopez, Ivan"]
[Black "Thorgeirsson, Sverrir"]
[Result "1-0"]
[WhiteElo "2340"]
[BlackElo "1947"]
[PlyCount "45"]
[EventDate "2005.07.19"]
[EventType "swiss"]
[EventRounds "11"]
[EventCountry "FRA"]
[Source "lmi"]
[SourceDate "2005.07.31"]

1. e4 e6 2. d4 d5 3. Nc3 Nf6 4. e5 Nfd7 5. f4 a6 6. Nf3 c5 7. Be3 Nc6 8. Qd2
Be7 9. dxc5 Nxc5 10. O-O-O O-O 11. Kb1 b5 12. Qf2 b4 13. Nxd5 Ne4 14. Nxe7+
Qxe7 15. Qe1 Nc3+ 16. bxc3 Rb8 17. c4 Na5 18. Bd3 h6 19. Nd4 Bd7 20. Nb3 Nxb3
21. cxb3 a5 22. Be4 a4 23. Rd6 1-0

[Event "Mundial Juvenil 2005 s14"]
[Site "Belfort FRA"]
[Date "2005.07.19"]
[Round "1.8"]
[White "Kharmoudi, Slimane"]
[Black "Le, Quang Liem"]
[Result "0-1"]
[WhiteElo "1939"]
[BlackElo "2326"]
[PlyCount "84"]
[EventDate "2005.07.19"]
[EventType "swiss"]
[EventRounds "11"]
[EventCountry "FRA"]
[Source "lmi"]
[SourceDate "2005.07.31"]

1. e4 c5 2. Nf3 d6 3. d4 cxd4 4. Nxd4 Nf6 5. Nc3 a6 6. f3 e5 7. Nb3 Be6 8. Nd5
Bxd5 9. exd5 g6 10. Bd3 Bg7 11. c4 O-O 12. O-O a5 13. Be3 b6 14. Nd2 Ne8 15.
Rb1 Nd7 16. b3 f5 17. a3 Nef6 18. Bc2 Qe7 19. b4 axb4 20. axb4 Ra3 21. Re1 Rfa8
22. Bb3 Kh8 23. Qc2 Qf8 24. Kh1 R3a6 25. Rbc1 Bh6 26. Bg1 Bg5 27. Be3 Bxe3 28.
Rxe3 Qh6 29. Ree1 Qf8 30. Qb2 Nh5 31. g3 Nhf6 32. Kg2 Kg7 33. Ra1 Qc8 34. Bc2
Rxa1 35. Rxa1 Rxa1 36. Qxa1 Nxd5 37. cxd5 Qxc2 38. Qa7 Qxd2+ 39. Kh3 Qxd5 40.
Qxd7+ Kh6 41. Qd8 Qxf3 42. Qf8+ Kh5 0-1

[Event "Mundial Juvenil 2005 s14"]
[Site "Belfort FRA"]
[Date "2005.07.19"]
[Round "1.9"]
[White "Rozum, Ivan"]
[Black "Xu, David"]
[Result "1-0"]
[WhiteElo "2297"]
[BlackElo "1920"]
[PlyCount "61"]
[EventDate "2005.07.19"]
[EventType "swiss"]
[EventRounds "11"]
[EventCountry "FRA"]
[Source "lmi"]
[SourceDate "2005.07.31"]

1. e4 c5 2. Nf3 d6 3. d4 cxd4 4. Nxd4 Nf6 5. Nc3 g6 6. Be3 Bg7 7. f3 O-O 8. Qd2
Nc6 9. g4 a6 10. O-O-O Qc7 11. h4 b5 12. Nxc6 Qxc6 13. Bh6 b4 14. Nd5 Nxd5 15.
exd5 Qa4 16. Bxg7 Kxg7 17. Kb1 Bd7 18. h5 Rh8 19. Re1 Rae8 20. hxg6 hxg6 21.
Rxh8 Rxh8 22. Rxe7 Bb5 23. Qd4+ Kf8 24. Qf6 Rh7 25. Rb7 b3 26. Rb8+ Be8 27.
Qxd6+ Kg7 28. axb3 Qd4 29. Rxe8 Qd1+ 30. Ka2 Qxf1 31. g5 1-0

[Event "Mundial Juvenil 2005 s14"]
[Site "Belfort FRA"]
[Date "2005.07.19"]
[Round "1.10"]
[White "Arenas, David"]
[Black "Feller, Sebastien"]
[Result "1-0"]
[WhiteElo "1911"]
[BlackElo "2282"]
[PlyCount "79"]
[EventDate "2005.07.19"]
[EventType "swiss"]
[EventRounds "11"]
[EventCountry "FRA"]
[Source "lmi"]
[SourceDate "2005.07.31"]

1. e4 c5 2. Nf3 e6 3. d4 cxd4 4. Nxd4 a6 5. Bd3 Bc5 6. Nb3 Be7 7. O-O d6 8. Qe2
Nd7 9. f4 Qc7 10. Be3 Ngf6 11. c4 b6 12. Nc3 Bb7 13. Rac1 O-O 14. Nd2 Rac8 15.
a3 Qb8 16. b4 Rfe8 17. Rfd1 Bf8 18. h3 g6 19. Qf2 Bc6 20. Nf3 Qa8 21. Bd4 Nxe4
22. Bxe4 Bxe4 23. Nxe4 Qxe4 24. Ng5 Qb7 25. Bb2 f6 26. Qd4 e5 27. fxe5 Rxe5 28.
Nf3 Re4 29. Qd3 Rce8 30. Re1 Rxe1+ 31. Rxe1 Rxe1+ 32. Nxe1 b5 33. cxb5 axb5 34.
Nf3 Ne5 35. Qb3+ Kh8 36. Qe6 Kg7 37. Nd4 Nd3 38. Nf5+ gxf5 39. Qxf6+ Kg8 40.
Qh8+ 1-0

[Event "Mundial Juvenil 2005 s14"]
[Site "Belfort FRA"]
[Date "2005.07.19"]
[Round "1.11"]
[White "Hess, Robert L"]
[Black "Jendrichovsky, Peter"]
[Result "1-0"]
[WhiteElo "2278"]
[BlackElo "1904"]
[PlyCount "129"]
[EventDate "2005.07.19"]
[EventType "swiss"]
[EventRounds "11"]
[EventCountry "FRA"]
[Source "lmi"]
[SourceDate "2005.07.31"]

1. e4 c5 2. Nc3 Nc6 3. g3 g6 4. Bg2 Bg7 5. d3 d6 6. f4 e6 7. Nf3 Nge7 8. O-O
O-O 9. Be3 Nd4 10. Bf2 Nec6 11. Nxd4 Nxd4 12. e5 dxe5 13. fxe5 Bxe5 14. Ne4 f5
15. Nxc5 Qd6 16. Na4 f4 17. gxf4 Rxf4 18. Nc3 Qf8 19. Bxd4 Bxd4+ 20. Kh1 Bd7
21. Qd2 Rf2 22. Rxf2 Qxf2 23. Qxf2 Bxf2 24. Ne4 Bh4 25. Nc5 Bc8 26. Rf1 Rb8 27.
Bh3 e5 28. Bg2 Kg7 29. Bd5 Bf6 30. Ne4 Bf5 31. Nd6 Rd8 32. Nxf5+ gxf5 33. Bxb7
f4 34. Be4 h6 35. Rg1+ Kf7 36. Rg6 Rh8 37. c4 f3 38. Rg3 Rb8 39. b3 Bg5 40.
Rxf3+ Bf4 41. Rf2 Ke6 42. Rg2 Kd6 43. Rg6+ Kc5 44. Kg2 Rb6 45. Rxb6 Kxb6 46. b4
Bd2 47. a3 Bc1 48. a4 Ba3 49. b5 Bc5 50. Kf3 Kc7 51. Kg4 Kb6 52. Kf5 Bd4 53.
Ke6 Kc5 54. h3 Bc3 55. Kd7 Ba5 56. Kc8 Kb6 57. Bf3 Bb4 58. Kd7 Bc3 59. Kd6 Bd4
60. Be4 Be3 61. Kxe5 Kc5 62. a5 Bd4+ 63. Ke6 Be3 64. b6 axb6 65. a6 1-0

[Event "Mundial Juvenil 2005 s14"]
[Site "Belfort FRA"]
[Date "2005.07.19"]
[Round "1.12"]
[White "Jukemura, Leandro"]
[Black "Zhao, Nan"]
[Result "0-1"]
[WhiteElo "1893"]
[BlackElo "2276"]
[PlyCount "56"]
[EventDate "2005.07.19"]
[EventType "swiss"]
[EventRounds "11"]
[EventCountry "FRA"]
[Source "lmi"]
[SourceDate "2005.07.31"]

1. e4 c5 2. Nf3 d6 3. d4 cxd4 4. Qxd4 Nc6 5. Bb5 Bd7 6. Bxc6 Bxc6 7. Nc3 Nf6 8.
Bg5 e6 9. O-O-O Be7 10. Rhe1 O-O 11. Kb1 h6 12. Bh4 Qc7 13. Qd2 Rfd8 14. Nd4
Bd7 15. f3 a6 16. g4 Nxe4 17. Nxe4 Bxh4 18. g5 hxg5 19. Rg1 f6 20. f4 d5 21.
Nxg5 fxg5 22. fxg5 Rf8 23. Qe2 Bf2 24. g6 Bxd4 25. Rxd4 Rf5 26. Qe1 Qe5 27. Qd2
Raf8 28. Qd3 Rf3 0-1

[Event "Mundial Juvenil 2005 s14"]
[Site "Belfort FRA"]
[Date "2005.07.19"]
[Round "1.13"]
[White "Leniart, Arkadiusz"]
[Black "Le Ruyet, Leopold"]
[Result "1-0"]
[WhiteElo "2269"]
[BlackElo "1875"]
[PlyCount "43"]
[EventDate "2005.07.19"]
[EventType "swiss"]
[EventRounds "11"]
[EventCountry "FRA"]
[Source "lmi"]
[SourceDate "2005.07.31"]

1. d4 Nf6 2. Nf3 g6 3. c4 Bg7 4. Nc3 d5 5. Bg5 Ne4 6. cxd5 Nxc3 7. bxc3 Qxd5 8.
e3 c5 9. Bb5+ Bd7 10. c4 Qf5 11. O-O Bxb5 12. cxb5 cxd4 13. exd4 h6 14. Bh4
Qxb5 15. Re1 g5 16. Bg3 Qd7 17. Rc1 Na6 18. Ne5 Qd5 19. Qa4+ Kf8 20. Nd7+ Kg8
21. Rxe7 Qxd4 22. Qb3 1-0

[Event "Mundial Juvenil 2005 s14"]
[Site "Belfort FRA"]
[Date "2005.07.19"]
[Round "1.14"]
[White "Castro, John"]
[Black "Recuero Guerra, David"]
[Result "0-1"]
[WhiteElo "1864"]
[BlackElo "2261"]
[PlyCount "50"]
[EventDate "2005.07.19"]
[EventType "swiss"]
[EventRounds "11"]
[EventCountry "FRA"]
[Source "lmi"]
[SourceDate "2005.07.31"]

1. c4 e5 2. Nc3 Nc6 3. g3 f5 4. Bg2 Nf6 5. d3 Bb4 6. Bd2 Bc5 7. Nf3 e4 8. Nh4
exd3 9. Nxf5 O-O 10. exd3 d5 11. Nh4 dxc4 12. O-O cxd3 13. Bg5 Ne5 14. Rc1 Bb6
15. Nd5 c6 16. Nxb6 Qxb6 17. b3 Bg4 18. Qd2 Be2 19. Be3 Qd8 20. Rfe1 Nfg4 21.
Bf4 Qb6 22. Rxe2 dxe2 23. Qxe2 Nd3 24. Qxd3 Qxf2+ 25. Kh1 Qxf4 0-1

[Event "Mundial Juvenil 2005 s14"]
[Site "Belfort FRA"]
[Date "2005.07.19"]
[Round "1.15"]
[White "Utegaliev, A."]
[Black "Mayo Casademont, Andreu"]
[Result "1-0"]
[WhiteElo "2249"]
[BlackElo "1832"]
[PlyCount "93"]
[EventDate "2005.07.19"]
[EventType "swiss"]
[EventRounds "11"]
[EventCountry "FRA"]
[Source "lmi"]
[SourceDate "2005.07.31"]

1. d4 Nf6 2. c4 c5 3. d5 b5 4. cxb5 a6 5. bxa6 g6 6. Nc3 Bxa6 7. g3 d6 8. Bg2
Bg7 9. Nf3 O-O 10. O-O Nbd7 11. Rb1 Ng4 12. Bd2 Nge5 13. Nxe5 Nxe5 14. b3 Qc7
15. Qc2 Rfb8 16. Rfe1 Rb7 17. h3 Rab8 18. a3 Rb6 19. Na4 Rb5 20. f4 Nd7 21. e4
Qb7 22. Bf1 c4 23. Bxc4 Qa7+ 24. Be3 Bd4 25. Qf2 Bxe3 26. Qxe3 R5b7 27. Qxa7
Rxa7 28. Rec1 Bxc4 29. Rxc4 Nf6 30. Kf2 Rab7 31. b4 Ra8 32. b5 Kf8 33. Rb3 Nd7
34. b6 Rab8 35. Rc7 Ke8 36. Rxb7 Rxb7 37. Ke3 Kd8 38. Kd4 f6 39. Kc4 Kc8 40.
Kb5 Kb8 41. Rc3 Nf8 42. Rc6 Nd7 43. Nc3 Nc5 44. a4 Rd7 45. a5 Kb7 46. Na2 Nb3
47. Nb4 1-0

[Event "Mundial Juvenil 2005 s14"]
[Site "Belfort FRA"]
[Date "2005.07.19"]
[Round "1.16"]
[White "Devallee, Jeremie"]
[Black "Benidze, David"]
[Result "0-1"]
[WhiteElo "1760"]
[BlackElo "2243"]
[PlyCount "74"]
[EventDate "2005.07.19"]
[EventType "swiss"]
[EventRounds "11"]
[EventCountry "FRA"]
[Source "lmi"]
[SourceDate "2005.07.31"]

1. Nf3 Nf6 2. g3 g6 3. Bg2 Bg7 4. O-O O-O 5. c4 c6 6. Nc3 d5 7. cxd5 cxd5 8. d4
b6 9. Bg5 Bb7 10. Bxf6 Bxf6 11. Rc1 e6 12. e3 Nc6 13. Ne1 Rc8 14. Nc2 Na5 15.
Nb1 Nc4 16. b3 Nd6 17. Nca3 Ba6 18. Re1 Qd7 19. Bf1 Bxf1 20. Rxf1 h5 21. Qe2 h4
22. g4 e5 23. dxe5 Bxe5 24. Rcd1 Qe6 25. h3 Rfd8 26. Nb5 Nxb5 27. Qxb5 d4 28.
exd4 Bxd4 29. Rfe1 Qd6 30. Kg2 Rc2 31. Re8+ Rxe8 32. Qxe8+ Kg7 33. Qe1 Qg3+ 34.
Kh1 Qxh3+ 35. Kg1 Qxg4+ 36. Kh2 Qg3+ 37. Kh1 Qf3+ 0-1

[Event "Mundial Juvenil 2005 s14"]
[Site "Belfort FRA"]
[Date "2005.07.19"]
[Round "1.18"]
[White "Abdullah Al Aamed, Abdulla"]
[Black "Boychev, Mariyan"]
[Result "0-1"]
[WhiteElo "1599"]
[BlackElo "2240"]
[PlyCount "58"]
[EventDate "2005.07.19"]
[EventType "swiss"]
[EventRounds "11"]
[EventCountry "FRA"]
[Source "lmi"]
[SourceDate "2005.07.31"]

1. e4 c5 2. Nc3 Nc6 3. f4 e6 4. Bc4 Nge7 5. d3 d5 6. exd5 exd5 7. Bb3 Nd4 8.
Qh5 Nef5 9. Nf3 Nxb3 10. axb3 g6 11. Qg5 Be7 12. Qg4 Ne3 13. Qg3 Nxc2+ 14. Kd1
Nxa1 15. Nd2 O-O 16. Qf3 Be6 17. g4 d4 18. Nce4 f5 19. gxf5 Rxf5 20. Rg1 Nxb3
21. Ng3 Nxd2 22. Bxd2 Bb3+ 23. Kc1 Rf6 24. f5 Ra6 25. Bh6 Ra1+ 26. Kd2 Bg5+ 27.
Bxg5 Qxg5+ 28. Ke2 Rf8 29. Qxb7 Qe3# 0-1

[Event "Mundial Juvenil 2005 s14"]
[Site "Belfort FRA"]
[Date "2005.07.19"]
[Round "1.19"]
[White "Pereira, Ruben Miguel Nunes"]
[Black "Abi Raad, Elie"]
[Result "1-0"]
[WhiteElo "2239"]
[BlackElo "1599"]
[PlyCount "83"]
[EventDate "2005.07.19"]
[EventType "swiss"]
[EventRounds "11"]
[EventCountry "FRA"]
[Source "lmi"]
[SourceDate "2005.07.31"]

1. e4 e5 2. Nf3 Nf6 3. Nxe5 Qe7 4. Nf3 Nxe4 5. Be2 d5 6. O-O Bg4 7. Re1 Nd7 8.
Nc3 Ndf6 9. Bb5+ c6 10. d3 O-O-O 11. dxe4 dxe4 12. Bd3 h6 13. Bd2 Bf5 14. Nh4
Bg4 15. Be2 h5 16. h3 Bxh3 17. gxh3 Qd7 18. Bf1 Qxd2 19. Qxd2 Rxd2 20. Nxe4
Nxe4 21. Rxe4 Bc5 22. Re2 Rhd8 23. Nf3 R2d6 24. Rae1 Rf6 25. Bg2 Kc7 26. Re5
Bb6 27. Rxh5 g6 28. Rhe5 Bd4 29. Re7+ Kb6 30. Nxd4 Rxd4 31. R1e3 Rd1+ 32. Bf1
Rf5 33. Rb3+ Kc5 34. Rexb7 Rd2 35. Rc3+ Kd6 36. Rd3+ Rd5 37. Rxd5+ cxd5 38. Bd3
Rd1+ 39. Kg2 Rb1 40. b3 f5 41. Rxa7 Ke5 42. a4 1-0

[Event "Mundial Juvenil 2005 s14"]
[Site "Belfort FRA"]
[Date "2005.07.19"]
[Round "1.20"]
[White "Ahmed Mohamed, Khalid"]
[Black "Roganovic, Milos"]
[Result "0-1"]
[WhiteElo "1599"]
[BlackElo "2228"]
[PlyCount "80"]
[EventDate "2005.07.19"]
[EventType "swiss"]
[EventRounds "11"]
[EventCountry "FRA"]
[Source "lmi"]
[SourceDate "2005.07.31"]

1. e4 d5 2. exd5 Nf6 3. d4 Nxd5 4. c4 Nb6 5. Nf3 g6 6. Nc3 Bg7 7. Be2 O-O 8.
O-O Nc6 9. Be3 Bg4 10. b3 Bxf3 11. Bxf3 Nxd4 12. Bxb7 Rb8 13. Be4 f5 14. Bxd4
Qxd4 15. Bd5+ Nxd5 16. Nxd5 Qxa1 17. Nxe7+ Kh8 18. Qxa1 Bxa1 19. Rxa1 Rfe8 20.
Nc6 Rb6 21. Nd4 Rd8 22. Nf3 Ra6 23. h3 Rd3 24. Kf1 Rxb3 25. axb3 Rxa1+ 26. Ke2
Ra2+ 27. Ke3 f4+ 28. Kxf4 Rxf2 29. g3 Rb2 30. Nd4 c5 31. Ne6 Rxb3 32. Nxc5 Rc3
33. Nd7 Rxc4+ 34. Kg5 Kg7 35. g4 a5 36. Ne5 Re4 37. Nd3 h6+ 38. Kh4 g5+ 39. Kh5
Re3 40. Nf2 Rf3 0-1

[Event "Mundial Juvenil 2005 s14"]
[Site "Belfort FRA"]
[Date "2005.07.19"]
[Round "1.22"]
[White "Tachikart, Amin"]
[Black "Al Hamed, Zayed"]
[Result "1-0"]
[WhiteElo "1770"]
[BlackElo "1599"]
[PlyCount "41"]
[EventDate "2005.07.19"]
[EventType "swiss"]
[EventRounds "11"]
[EventCountry "FRA"]
[Source "lmi"]
[SourceDate "2005.07.31"]

1. e4 d5 2. exd5 Qxd5 3. Nc3 Qd6 4. Nf3 Nf6 5. d4 a6 6. h3 e6 7. Bg5 Be7 8. Be2
b5 9. a3 Bb7 10. O-O Nbd7 11. Re1 O-O 12. Bf1 Bxf3 13. Qxf3 Qxd4 14. Rad1 Qc5
15. Bh4 Rfe8 16. b4 Qa7 17. g4 h6 18. Bg2 c5 19. Na2 Nd5 20. Bxe7 Rxe7 21. Rxd5
1-0

[Event "Mundial Juvenil 2005 s14"]
[Site "Belfort FRA"]
[Date "2005.07.20"]
[Round "2.2"]
[White "Wei, Chenpeng"]
[Black "Hawrami, Dana"]
[Result "1-0"]
[WhiteElo "2406"]
[BlackElo "2075"]
[PlyCount "104"]
[EventDate "2005.07.19"]
[EventType "swiss"]
[EventRounds "11"]
[EventCountry "FRA"]
[Source "lmi"]
[SourceDate "2005.07.31"]

1. e4 c5 2. Nf3 d6 3. d4 cxd4 4. Nxd4 Nf6 5. Nc3 a6 6. Be3 e5 7. Nb3 Be6 8. f3
Be7 9. Qd2 Nbd7 10. g4 h6 11. O-O-O b5 12. h4 Nb6 13. Qf2 Nfd7 14. Nd5 Bxd5 15.
exd5 Nc4 16. Kb1 Nxe3 17. Qxe3 Bxh4 18. f4 Bf6 19. g5 Be7 20. gxh6 Rxh6 21.
Rxh6 gxh6 22. Bh3 Bf6 23. fxe5 Bxe5 24. Qxh6 Qf6 25. Qe3 Qf4 26. Qxf4 Bxf4 27.
Rf1 Be5 28. Bxd7+ Kxd7 29. Rxf7+ Ke8 30. Rc7 Kd8 31. Rh7 a5 32. Rb7 a4 33. Nc1
Ra5 34. Nd3 Kc8 35. Rf7 Bd4 36. Nb4 Ra8 37. Nc6 Bb6 38. a3 Bc5 39. c3 Bb6 40.
Kc2 Bc5 41. Kd3 Bb6 42. Rf8+ Kb7 43. Rxa8 Kxa8 44. Nd4 Bc5 45. Nxb5 Kb7 46. c4
Kb6 47. Nc3 Ka5 48. Ne4 Bg1 49. Nxd6 Kb6 50. Ne4 Kc7 51. c5 Kd7 52. Kc4 Ke8 1-0

[Event "Mundial Juvenil 2005 s14"]
[Site "Belfort FRA"]
[Date "2005.07.20"]
[Round "2.3"]
[White "Wagih-Abdessalem, Karim Ahmed"]
[Black "Matlakov, Maxim"]
[Result "0-1"]
[WhiteElo "2064"]
[BlackElo "2399"]
[PlyCount "67"]
[EventDate "2005.07.19"]
[EventType "swiss"]
[EventRounds "11"]
[EventCountry "FRA"]
[Source "lmi"]
[SourceDate "2005.07.31"]

1. d4 d5 2. Nf3 Nc6 3. e3 Bg4 4. c4 e6 5. Qb3 Rb8 6. Nc3 Bxf3 7. gxf3 Nf6 8.
cxd5 exd5 9. Bd3 Nb4 10. Qa4+ c6 11. Be2 b5 12. Qb3 Be7 13. a3 Na6 14. O-O Nc7
15. Qc2 O-O 16. b4 Qd7 17. Kh1 a5 18. bxa5 Ra8 19. Bd2 Bd6 20. Rg1 Qh3 21. f4
Rfe8 22. Rg3 Qd7 23. f3 Kh8 24. e4 Nh5 25. Rg4 Nf6 26. Rh4 g6 27. exd5 Nfxd5
28. Qd3 c5 29. Bf1 Be7 30. Rg4 f5 31. Rg1 Reb8 32. Rb1 Bf6 33. Bg2 c4 34. Qf1
0-1